000 00425nam a22001817a 4500
005 20251108172605.0
008 250721s9999 xx 000 0 eng d
082 1 4 _a725.71SAI
100 1 _aSaito, Gen T.
245 1 0 _aAmerican restaurant design /
264 1 _aTokyo :
_bMitsuo Tada,
300 _a183p.
650 1 7 _aRestaurant
650 1 7 _aBuilding design
650 1 7 _aUSA
942 _2ddc
_cBK
999 _c83364
_d83364